[Event "Natal Magistral 6th C"]
[Site "Natal"]
[Date "2009.02.24"]
[Round "9.4"]
[White "Silva, Alexsandro Lira"]
[Black "Almeida, Givanildo Jose De"]
[Result "1-0"]
[WhiteElo "1979"]
[BlackElo "1835"]
[PlyCount "57"]
[EventDate "2009.02.20"]
[EventType "tourn"]
[EventRounds "9"]
[EventCountry "BRA"]
[SourceTitle "EXT 2022"]
[Source "ChessBase"]
[SourceDate "2021.10.06"]
[SourceVersion "1"]
[SourceVersionDate "2021.10.06"]
[SourceQuality "1"]

1. e4 e5 2. f4 d5 3. exd5 e4 4. d3 Nf6 5. Nc3 Bb4 6. Bd2 e3 7. Bxe3 Bxc3+ 8. bxc3 Nxd5 9. Bd2 0-0 10. Be2 Re8 11. c4 Ne3 12. Bxe3 Rxe3 13. Qd2 Qe7 14. Nf3 Bg4 15. Kf2 Re6 16. Rhe1 Nc6 17. h3 Bxf3 18. Bxf3 Qc5+ 19. Kg3 Rae8 20. Bxc6 Qxc6 21. Rxe6 Qxe6 22. Kf2 c5 23. Re1 Qxe1+ 24. Qxe1 Rxe1 25. Kxe1 f5 26. g4 g6 27. a4 a5 28. Kf2 Kf7 29. Kg3 1-0

[Event "Natal Magistral 6th C"]
[Site "Natal"]
[Date "2009.02.23"]
[Round "7.3"]
[White "Damasceno, Alecio Souza"]
[Black "Almeida, Givanildo Jose De"]
[Result "0-1"]
[WhiteElo "1842"]
[BlackElo "1835"]
[PlyCount "78"]
[EventDate "2009.02.20"]
[EventType "tourn"]
[EventRounds "9"]
[EventCountry "BRA"]
[SourceTitle "EXT 2022"]
[Source "ChessBase"]
[SourceDate "2021.10.06"]
[SourceVersion "1"]
[SourceVersionDate "2021.10.06"]
[SourceQuality "1"]

1. c4 Nf6 2. Nc3 g6 3. g3 Bg7 4. Bg2 d6 5. e3 0-0 6. Nge2 Nbd7 7. 0-0 Rb8 8. b3 b6 9. Bb2 Bb7 10. e4 Nxe4 11. Na4 e5 12. d4 Nef6 13. d5 Ne8 14. f4 f5 15. fxe5 Nxe5 16. Nd4 Nf6 17. Ne6 Qd7 18. Nxf8 Rxf8 19. Nc3 Nfg4 20. Bc1 Nxc4 21. bxc4 Bxc3 22. Rb1 Bg7 23. Re1 Bc3 24. Re6 Qg7 25. h3 Ne5 26. Qa4 Qf7 27. Bg5 Bd4+ 28. Kh1 f4 29. Rf1 f3 30. Rf6 Qg7 31. Rxf8+ Qxf8 32. Kh2 h6 33. Bd2 Bc8 34. Bh1 Kg7 35. Bf4 Qf5 36. Bxe5+ dxe5 37. Bg2 fxg2 38. Kxg2 Qxh3+ 39. Kf3 Qxf1+ 0-1

[Event "Natal Magistral 6th C"]
[Site "Natal"]
[Date "2009.02.22"]
[Round "6.4"]
[White "Almeida, Givanildo Jose De"]
[Black "Da Paixao, Irineu Vieira"]
[Result "1-0"]
[WhiteElo "1835"]
[BlackElo "1672"]
[PlyCount "83"]
[EventDate "2009.02.20"]
[EventType "tourn"]
[EventRounds "9"]
[EventCountry "BRA"]
[SourceTitle "EXT 2022"]
[Source "ChessBase"]
[SourceDate "2021.10.06"]
[SourceVersion "1"]
[SourceVersionDate "2021.10.06"]
[SourceQuality "1"]

1. e4 c5 2. Nf3 Nc6 3. d4 cxd4 4. Nxd4 e5 5. Nf3 Nf6 6. Nc3 Be7 7. Be2 0-0 8. 0-0 d6 9. h3 h6 10. Be3 Be6 11. Qd2 Kh7 12. Rad1 Qc8 13. a3 Ng8 14. Nh2 Rd8 15. f4 exf4 16. Bxf4 Ne5 17. b3 Nf6 18. Qe1 Qc5+ 19. Kh1 Rac8 20. Nd5 Bxd5 21. exd5 Re8 22. Nf3 Bf8 23. c4 Kh8 24. Nd4 Qxa3 25. Qg3 Ne4 26. Qe3 Ng6 27. Qd3 Qc5 28. Kh2 Qc7 29. Bg4 Rcd8 30. Be3 Nf6 31. Be2 Qe7 32. Bd2 Ne4 33. Rde1 Qe5+ 34. Kg1 Nxd2 35. Qxd2 Qe7 36. Bh5 Qc7 37. Bxg6 Rxe1 38. Qxe1 fxg6 39. Ne6 Qb6+ 40. Qf2 Qxf2+ 41. Rxf2 Re8 42. Rxf8+ 1-0

[Event "Natal Magistral 6th C"]
[Site "Natal"]
[Date "2009.02.20"]
[Round "2.5"]
[White "Almeida, Carlos Bruno Gomes"]
[Black "Almeida, Givanildo Jose De"]
[Result "1/2-1/2"]
[WhiteElo "1958"]
[BlackElo "1835"]
[PlyCount "48"]
[EventDate "2009.02.20"]
[EventType "tourn"]
[EventRounds "9"]
[EventCountry "BRA"]
[SourceTitle "EXT 2022"]
[Source "ChessBase"]
[SourceDate "2021.10.06"]
[SourceVersion "1"]
[SourceVersionDate "2021.10.06"]
[SourceQuality "1"]

1. e4 e5 2. f4 d5 3. exd5 e4 4. d3 Nf6 5. Nc3 exd3 6. Bxd3 Be7 7. Nf3 0-0 8. 0-0 Nbd7 9. Kh1 Nb6 10. Bd2 Nbxd5 11. Ne5 Bd6 12. Nxd5 Nxd5 13. Qf3 c6 14. Rfe1 Qh4 15. Qg3 Qxg3 16. hxg3 f6 17. Nf3 Bg4 18. Bc4 Kh8 19. Bxd5 cxd5 20. Bc3 Rfc8 21. Rad1 Be6 22. Nd4 Bg4 23. Nf3 Be6 24. Nd4 Bg4 1/2-1/2